00000000nam##2200000za#4500
0019.577349
003CaOODSP
00520210624185553
007cr |||||||||||
008150406|2000||||xxc|||||o    f|0| 0 eng|d
040 |aCaOODSP|beng
043 |an-cn---
0861 |aFs97-13/1060E-PDF
1101 |aCanada. |bDepartment of Fisheries and Oceans.
24510|aInvertebrate fauna in ballast water collected in vessels arriving in British Columbia ports, especially those from the Western North Pacific / |h[electronic resource]|cby G.E. Piercey ... [et al.].
260 |aWest Vancouver - British Columbia : |bFisheries and Oceans Canada |c2000.
300 |a56p.|btables
4901 |aCanadian data report of fisheries and aquatic sciences|vNo. 1058
500 |aOn t.p.: Marine Environment and Habitat Science Division, West Vancouver Laboratory, West Vancouver, B.C. The catalogue number and ISSN for the print edition appear in the PDF version.
546 |a(Résumé en français)
590 |a13-21-Supp|b2013-09-16
830#0|aCanadian data report of fisheries and aquatic sciences ;|vNo. 1058|w(CaOODSP)9.505124
85640|ahttp://publications.gc.ca|qPDF|s683 KB|uhttps://publications.gc.ca/collections/collection_2013/mpo-dfo/Fs97-13-1060-eng.pdf|yNo. 1058